000 00363nam a22001457a 4500
003 OSt
005 20180420145532.0
008 180420b xxu||||| |||| 00| 0 eng d
040 _cMACL
100 _aRupa chanda and pralok gupta
_972114
245 _aIndia-EU people mobility
260 _aDelhi
_bCambridge
_c2015
650 _aEconomics
_972115
942 _2ddc
_cBK
999 _c57785
_d57785